[Event "Hoogeveen Open 2016"]
[Site "Hoogeveen"]
[Date "2016.10.20"]
[Round "7.12"]
[White "Bellia, Fabrizio"]
[Black "Grant, Jonathan I M"]
[Result "1-0"]
[BlackElo "2223"]
[WhiteElo "2447"]
[LiveChessVersion "1.4.8"]

1. e4 {[%clk 1:30:56]} c6 {[%clk 1:30:55]} 2. Nc3 {[%clk 1:31:22]} d5
{[%clk 1:31:20]} 3. Nf3 {[%clk 1:31:48]} Bg4 {[%clk 1:31:46]} 4. h3
{[%clk 1:32:14]} Bxf3 {[%clk 1:32:10]} 5. Qxf3 {[%clk 1:32:39]} e6
{[%clk 1:32:29]} 6. d4 {[%clk 1:32:59]} dxe4 {[%clk 1:17:27]} 7. Qxe4
{[%clk 1:33:09]} Nf6 {[%clk 1:16:59]} 8. Qd3 {[%clk 1:33:32]} Nbd7
{[%clk 1:10:48]} 9. g3 {[%clk 1:33:24]} g6 {[%clk 1:10:02]} 10. Bg2
{[%clk 1:31:22]} Bg7 {[%clk 1:09:23]} 11. O-O {[%clk 1:31:18]} O-O
{[%clk 1:07:53]} 12. Bf4 {[%clk 1:23:18]} Re8 {[%clk 0:59:27]} 13. Rfd1
{[%clk 1:17:29]} Nd5 {[%clk 0:54:38]} 14. Bd6 {[%clk 1:14:39]} N7f6
{[%clk 0:52:05]} 15. Be5 {[%clk 1:12:41]} Nxc3 {[%clk 0:51:58]} 16. bxc3
{[%clk 1:08:57]} Re7 {[%clk 0:42:43]} 17. c4 {[%clk 1:07:08]} Rd7
{[%clk 0:41:35]} 18. Qb3 {[%clk 1:01:42]} Qe7 {[%clk 0:38:10]} 19. Rab1
{[%clk 0:56:18]} Rad8 {[%clk 0:35:44]} 20. Rd3 {[%clk 0:51:15]} Ne8
{[%clk 0:33:16]} 21. Bxg7 {[%clk 0:50:52]} Kxg7 {[%clk 0:33:14]} 22. c3
{[%clk 0:45:31]} Nf6 {[%clk 0:25:00]} 23. Re3 {[%clk 0:45:19]} Qd6
{[%clk 0:23:12]} 24. Qa4 {[%clk 0:45:11]} a6 {[%clk 0:20:23]} 25. Rb6
{[%clk 0:42:45]} Rc7 {[%clk 0:19:55]} 26. Qb3 {[%clk 0:38:59]} Rdd7
{[%clk 0:19:50]} 27. Re1 {[%clk 0:38:30]} h5 {[%clk 0:18:22]} 28. h4
{[%clk 0:34:15]} Ng4 {[%clk 0:15:48]} 29. Bf3 {[%clk 0:33:39]} Nf6
{[%clk 0:16:08]} 30. Qa4 {[%clk 0:33:21]} Qf8 {[%clk 0:13:58]} 31. Qa5
{[%clk 0:28:40]} Qd6 {[%clk 0:13:49]} 32. Bg2 {[%clk 0:27:42]} Re7
{[%clk 0:13:18]} 33. Reb1 {[%clk 0:26:46]} Kg8 {[%clk 0:12:00]} 34. Qg5
{[%clk 0:21:22]} Kg7 {[%clk 0:12:02]} 35. c5 {[%clk 0:20:09]} Qd8
{[%clk 0:10:38]} 36. Qe5 {[%clk 0:20:17]} Red7 {[%clk 0:10:23]} 37. Bf3
{[%clk 0:18:18]} Kg8 {[%clk 0:10:29]} 38. R6b3 {[%clk 0:09:50]} Nd5
{[%clk 0:09:57]} 39. Bg2 {[%clk 0:06:39]} Qf6 {[%clk 0:08:04]} 40. Qe2
{[%clk 0:06:38]} Qe7 {[%clk 0:07:34]} 41. Bf3 {[%clk 0:03:26]} Kg7
{[%clk 0:06:16]} 42. Re1 {[%clk 0:24:59]} Qf6 {[%clk 0:33:25]} 43. Bg2
{[%clk 0:24:56]} Ne7 {[%clk 0:31:55]} 44. Qb2 {[%clk 0:23:27]} Nf5
{[%clk 0:29:40]} 45. Re5 {[%clk 0:23:31]} Nh6 {[%clk 0:27:33]} 46. Qe2
{[%clk 0:22:09]} Qd8 {[%clk 0:17:22]} 47. Rb1 {[%clk 0:21:56]} Ng4
{[%clk 0:17:08]} 48. Re4 {[%clk 0:21:52]} Nf6 {[%clk 0:15:31]} 49. Rf4
{[%clk 0:22:05]} Nd5 {[%clk 0:14:45]} 50. Rf3 {[%clk 0:22:29]} Kg8
{[%clk 0:12:56]} 51. Bh3 {[%clk 0:20:23]} Re7 {[%clk 0:13:05]} 52. c4
{[%clk 0:20:27]} Nf6 {[%clk 0:09:45]} 53. Rxf6 {[%clk 0:20:50]} Qxd4
{[%clk 0:10:07]} 54. Rf3 {[%clk 0:18:44]} Qxc5 {[%clk 0:10:23]} 55. Rd1
{[%clk 0:18:35]} Rcd7 {[%clk 0:08:53]} 56. Rxd7 {[%clk 0:16:53]} Rxd7
{[%clk 0:09:22]} 57. Bxe6 {[%clk 0:16:55]} Re7 {[%clk 0:09:36]} 58. Bxf7+
{[%clk 0:17:20]} Rxf7 {[%clk 0:09:49]} 59. Qe8+ {[%clk 0:17:46]} Qf8
{[%clk 0:10:12]} 60. Qe6 {[%clk 0:11:32]} Kg7 {[%clk 0:10:26]} 61. Qe5+
{[%clk 0:11:34]} Kh7 {[%clk 0:10:27]} 62. Rxf7+ {[%clk 0:08:10]} Qxf7
{[%clk 0:10:55]} 63. c5 {[%clk 0:08:26]} Kg8 {[%clk 0:09:13]} 64. a4
{[%clk 0:08:36]} Qd7 {[%clk 0:08:17]} 65. Kg2 {[%clk 0:08:07]} Kf7
{[%clk 0:07:55]} 66. Qf4+ {[%clk 0:06:15]} Kg7 {[%clk 0:08:10]} 67. Qe3
{[%clk 0:05:59]} Qd5+ {[%clk 0:06:58]} 68. Kh2 {[%clk 0:06:12]} Qd7
{[%clk 0:06:49]} 69. Qc3+ {[%clk 0:06:24]} Kg8 {[%clk 0:06:24]} 70. Qb3+
{[%clk 0:06:42]} Qf7 {[%clk 0:05:39]} 71. Qc2 {[%clk 0:06:08]} Kg7
{[%clk 0:05:40]} 72. Kg2 {[%clk 0:06:33]} Qd5+ {[%clk 0:05:52]} 73. Kg1
{[%clk 0:06:25]} Qd4 {[%clk 0:05:50]} 74. Kf1 {[%clk 0:05:49]} Kf6
{[%clk 0:05:33]} 75. Kg1 {[%clk 0:05:07]} Kg7 {[%clk 0:05:04]} 76. Qb3
{[%clk 0:05:10]} Qd7 {[%clk 0:05:23]} 77. Kg2 {[%clk 0:05:11]} Qe7
{[%clk 0:04:44]} 78. Qb2+ {[%clk 0:05:25]} Kg8 {[%clk 0:05:07]} 79. Qd4
{[%clk 0:05:45]} Qf7 {[%clk 0:05:03]} 80. Qe5 {[%clk 0:05:17]} Qd7
{[%clk 0:05:08]} 81. a5 {[%clk 0:04:16]} Kh7 {[%clk 0:05:10]} 82. Qd6
{[%clk 0:04:14]} Qf7 {[%clk 0:05:35]} 83. Qd4 {[%clk 0:04:06]} Kg8
{[%clk 0:05:31]} 84. Kf1 {[%clk 0:04:09]} Qe7 {[%clk 0:04:56]} 85. Qe3
{[%clk 0:03:17]} Qd7 {[%clk 0:03:18]} 86. Qe4 {[%clk 0:03:33]} Kf7
{[%clk 0:02:59]} 87. Ke2 {[%clk 0:03:04]} Kf6 {[%clk 0:02:19]} 88. Ke3
{[%clk 0:03:15]} Kf7 {[%clk 0:01:49]} 89. Qc4+ {[%clk 0:02:31]} Kf8
{[%clk 0:01:05]} 90. Qf4+ {[%clk 0:02:41]} Ke8 {[%clk 0:01:00]} 91. Qf6
{[%clk 0:02:36]} Qg4 {[%clk 0:00:45]} 92. Qe5+ {[%clk 0:02:50]} Kd7
{[%clk 0:00:42]} 93. Qd4+ {[%clk 0:03:09]} Ke6 {[%clk 0:00:42]} 94. Qxg4+
{[%clk 0:03:03]} hxg4 {[%clk 0:01:11]} 95. Ke4 {[%clk 0:03:26]} Kf6
{[%clk 0:00:49]} 96. Kf4 {[%clk 0:03:43]} Ke6 {[%clk 0:00:50]} 97. Kg5
{[%clk 0:04:01]} Kf7 {[%clk 0:00:45]} 98. Kxg4 {[%clk 0:04:24]} Ke6
{[%clk 0:00:41]} 99. Kg5 {[%clk 0:04:50]} Kd5 {[%clk 0:01:07]} 100. Kxg6
{[%clk 0:05:14]} Kxc5 {[%clk 0:01:30]} 101. h5 {[%clk 0:05:40]} Kd5 1-0

[Event "Hoogeveen Open 2016"]
[Site "Hoogeveen"]
[Date "2016.10.20"]
[Round "7.13"]
[White "Buckels, Valentin"]
[Black "Schoppen, Casper"]
[Result "0-1"]
[BlackElo "2304"]
[WhiteElo "2273"]
[LiveChessVersion "1.4.8"]

1. c4 {[%clk 1:30:57]} Nf6 {[%clk 1:30:53]} 2. g3 {[%clk 1:31:18]} e6
{[%clk 1:31:03]} 3. Bg2 {[%clk 1:31:39]} d5 {[%clk 1:31:18]} 4. Nf3
{[%clk 1:31:54]} Be7 {[%clk 1:31:35]} 5. O-O {[%clk 1:31:56]} O-O
{[%clk 1:31:59]} 6. d4 {[%clk 1:32:15]} c6 {[%clk 1:32:15]} 7. Qc2
{[%clk 1:32:36]} Nbd7 {[%clk 1:32:20]} 8. b3 {[%clk 1:32:52]} b6 {[%clk 1:32:05]}
9. Rd1 {[%clk 1:33:19]} a5 {[%clk 1:27:34]} 10. Nc3 {[%clk 1:32:43]} Ba6
{[%clk 1:26:51]} 11. Nd2 {[%clk 1:32:12]} b5 {[%clk 1:23:21]} 12. e4
{[%clk 1:20:29]} dxc4 {[%clk 1:11:08]} 13. bxc4 {[%clk 1:20:20]} bxc4
{[%clk 1:07:21]} 14. Na4 {[%clk 1:13:34]} Qc7 {[%clk 0:56:18]} 15. Nxc4
{[%clk 1:10:38]} Bb5 {[%clk 0:54:04]} 16. Bf4 {[%clk 1:01:21]} Qa7
{[%clk 0:53:23]} 17. h3 {[%clk 0:58:37]} Rfd8 {[%clk 0:46:37]} 18. Rac1
{[%clk 0:54:57]} h6 {[%clk 0:35:45]} 19. g4 {[%clk 0:51:05]} Qa6 {[%clk 0:32:56]}
20. Bc7 {[%clk 0:44:16]} Rdc8 {[%clk 0:31:33]} 21. Bg3 {[%clk 0:43:59]} Ne8
{[%clk 0:26:06]} 22. Ne3 {[%clk 0:37:12]} Be2 {[%clk 0:19:46]} 23. Rd2
{[%clk 0:36:16]} Bb5 {[%clk 0:20:02]} 24. Nc4 {[%clk 0:27:37]} Bb4
{[%clk 0:13:08]} 25. Rdd1 {[%clk 0:26:20]} Be7 {[%clk 0:12:56]} 26. Kh1
{[%clk 0:25:27]} Bf8 {[%clk 0:12:24]} 27. f4 {[%clk 0:22:24]} c5 {[%clk 0:07:54]}
28. d5 {[%clk 0:20:45]} exd5 {[%clk 0:08:11]} 29. exd5 {[%clk 0:20:06]} Bxc4
{[%clk 0:07:57]} 30. Qxc4 {[%clk 0:20:34]} Qxc4 {[%clk 0:08:26]} 31. Rxc4
{[%clk 0:20:55]} Nd6 {[%clk 0:08:33]} 32. Rc2 {[%clk 0:20:47]} Rab8
{[%clk 0:08:42]} 33. Be1 {[%clk 0:19:52]} g5 {[%clk 0:06:29]} 34. fxg5
{[%clk 0:17:40]} hxg5 {[%clk 0:06:58]} 35. Bd2 {[%clk 0:15:54]} Be7
{[%clk 0:06:57]} 36. Re1 {[%clk 0:11:06]} Bf6 {[%clk 0:06:22]} 37. Rf1
{[%clk 0:07:00]} Be7 {[%clk 0:06:07]} 38. Rfc1 {[%clk 0:05:10]} c4
{[%clk 0:02:33]} 39. Bxa5 {[%clk 0:02:03]} Ra8 {[%clk 0:02:14]} 40. Re1
{[%clk 0:00:35]} Bf8 {[%clk 0:01:18]} 41. Nb6 {[%clk 0:28:57]} Rxa5
{[%clk 0:26:07]} 42. Nxc8 {[%clk 0:26:07]} Nxc8 {[%clk 0:26:28]} 43. Rxc4
{[%clk 0:26:28]} Ncb6 {[%clk 0:25:37]} 44. Rd4 {[%clk 0:19:08]} Bd6
{[%clk 0:25:06]} 45. Re2 {[%clk 0:17:44]} Ra3 {[%clk 0:24:18]} 46. Rd1
{[%clk 0:15:55]} Kg7 {[%clk 0:24:19]} 47. Rf1 {[%clk 0:15:05]} Rd3
{[%clk 0:22:52]} 48. Ref2 {[%clk 0:11:31]} Bf4 {[%clk 0:19:35]} 49. h4
{[%clk 0:03:30]} f6 {[%clk 0:19:09]} 50. hxg5 {[%clk 0:02:08]} fxg5
{[%clk 0:19:31]} 51. Rb2 {[%clk 0:00:37]} Kf6 {[%clk 0:18:46]} 52. Rf3
{[%clk 0:00:49]} Rd4 {[%clk 0:18:43]} 53. Rf1 {[%clk 0:00:35]} Nc4
{[%clk 0:15:34]} 54. Rb4 {[%clk 0:00:37]} Nde5 {[%clk 0:15:53]} 55. a4
{[%clk 0:00:38]} Rd2 {[%clk 0:15:34]} 56. Ra1 {[%clk 0:00:37]} Ne3
{[%clk 0:14:38]} 57. Rb6+ {[%clk 0:00:57]} Kf7 {[%clk 0:14:31]} 58. Rb7+
{[%clk 0:01:03]} Kf6 {[%clk 0:14:19]} 59. Rb6+ {[%clk 0:01:32]} Ke7
{[%clk 0:12:42]} 60. Rb7+ {[%clk 0:00:54]} Kd6 {[%clk 0:12:35]} 61. Be4
{[%clk 0:00:41]} N5xg4 {[%clk 0:12:23]} 62. Rb6+ {[%clk 0:00:46]} Ke5
{[%clk 0:12:42]} 63. Re6+ {[%clk 0:00:35]} Kd4 {[%clk 0:13:10]} 64. Bg2
{[%clk 0:00:38]} Nxg2 {[%clk 0:12:17]} 65. Kg1 {[%clk 0:00:46]} N2e3
{[%clk 0:12:32]} 0-1

[Event "Hoogeveen Open 2016"]
[Site "Hoogeveen"]
[Date "2016.10.20"]
[Round "7.14"]
[White "Otte, Marijn"]
[Black "Van Osch, Mees"]
[Result "1/2-1/2"]
[BlackElo "2288"]
[WhiteElo "2213"]
[LiveChessVersion "1.4.8"]

1. e4 {[%clk 1:24:10]} e6 {[%clk 1:30:55]} 2. d4 {[%clk 1:24:37]} d5
{[%clk 1:31:23]} 3. Nd2 {[%clk 1:25:03]} Nc6 {[%clk 1:31:50]} 4. Ngf3
{[%clk 1:25:27]} Nf6 {[%clk 1:32:16]} 5. e5 {[%clk 1:25:52]} Nd7 {[%clk 1:32:44]}
6. Bd3 {[%clk 1:26:15]} Nb4 {[%clk 1:33:10]} 7. Be2 {[%clk 1:26:41]} c5
{[%clk 1:33:38]} 8. c3 {[%clk 1:27:06]} Nc6 {[%clk 1:34:05]} 9. Bd3
{[%clk 1:27:29]} Be7 {[%clk 1:34:32]} 10. O-O {[%clk 1:27:52]} O-O
{[%clk 1:34:59]} 11. Re1 {[%clk 1:26:44]} f5 {[%clk 1:35:11]} 12. exf6
{[%clk 1:21:30]} Nxf6 {[%clk 1:34:57]} 13. dxc5 {[%clk 0:42:25]} Bxc5
{[%clk 1:34:22]} 14. Nb3 {[%clk 0:42:46]} Bxf2+ {[%clk 1:34:46]} 15. Kxf2
{[%clk 0:43:11]} Qb6+ {[%clk 1:34:55]} 16. Nbd4 {[%clk 0:43:26]} e5
{[%clk 1:32:20]} 17. Kg1 {[%clk 0:41:22]} exd4 {[%clk 1:06:24]} 18. Nxd4
{[%clk 0:33:45]} Nxd4 {[%clk 0:57:04]} 19. Be3 {[%clk 0:34:04]} Qxb2
{[%clk 0:57:18]} 20. Bxd4 {[%clk 0:34:29]} Bg4 {[%clk 0:57:35]} 21. Qb3
{[%clk 0:25:53]} Qd2 {[%clk 0:39:20]} 22. Be4 {[%clk 0:23:33]} Qg5
{[%clk 0:36:06]} 23. Bxf6 {[%clk 0:22:47]} Qxf6 {[%clk 0:35:15]} 24. Rf1
{[%clk 0:21:42]} Qe7 {[%clk 0:33:16]} 25. Qxd5+ {[%clk 0:14:04]} Kh8
{[%clk 0:21:10]} 26. Qxb7 {[%clk 0:14:02]} Qc5+ {[%clk 0:21:31]} 27. Kh1
{[%clk 0:14:28]} Qc4 {[%clk 0:21:59]} 28. Qxa8 {[%clk 0:09:38]} Rxa8
{[%clk 0:21:55]} 29. Bxa8 {[%clk 0:10:05]} g6 {[%clk 0:20:52]} 30. h3
{[%clk 0:06:49]} Be2 {[%clk 0:19:21]} 31. Rfe1 {[%clk 0:05:17]} Qxc3
{[%clk 0:18:44]} 32. Bd5 {[%clk 0:04:47]} Bd3 {[%clk 0:16:52]} 33. Rac1
{[%clk 0:04:23]} Qb4 {[%clk 0:14:48]} 34. a3 {[%clk 0:02:33]} Qd6
{[%clk 0:14:59]} 35. Rcd1 {[%clk 0:01:44]} Bc2 {[%clk 0:10:47]} 36. Rd2
{[%clk 0:02:04]} Bf5 {[%clk 0:11:00]} 37. Re3 {[%clk 0:01:12]} Qc5
{[%clk 0:10:29]} 38. Re1 {[%clk 0:00:41]} Qxa3 {[%clk 0:10:19]} 39. Ra2
{[%clk 0:00:55]} Qc5 {[%clk 0:08:23]} 40. Bf3 {[%clk 0:00:50]} Bd3
{[%clk 0:06:04]} 41. Rea1 {[%clk 0:26:34]} a6 {[%clk 0:35:29]} 42. Be2
{[%clk 0:25:53]} Bxe2 {[%clk 0:35:04]} 43. Rxe2 {[%clk 0:26:19]} Kg7
{[%clk 0:35:28]} 44. Rea2 {[%clk 0:26:33]} Kh6 {[%clk 0:35:32]} 45. Rxa6
{[%clk 0:26:15]} Qf2 {[%clk 0:35:56]} 46. R6a2 {[%clk 0:26:22]} Qd4
{[%clk 0:36:15]} 47. Rf1 {[%clk 0:23:40]} Qd3 {[%clk 0:35:56]} 48. Raf2
{[%clk 0:23:59]} Qg3 {[%clk 0:36:01]} 49. Rf3 {[%clk 0:23:54]} Qe5
{[%clk 0:36:25]} 50. Rf7 {[%clk 0:24:07]} Qg3 {[%clk 0:36:24]} 51. R1f3
{[%clk 0:24:29]} Qe1+ {[%clk 0:36:26]} 52. Kh2 {[%clk 0:24:55]} Qe5+
{[%clk 0:36:43]} 53. g3 {[%clk 0:25:23]} Qe2+ {[%clk 0:35:53]} 54. Rf2
{[%clk 0:25:32]} Qe5 {[%clk 0:36:17]} 55. h4 {[%clk 0:25:31]} Qe6
{[%clk 0:34:15]} 56. R2f6 {[%clk 0:23:00]} Qe2+ {[%clk 0:29:09]} 57. Kh3
{[%clk 0:21:33]} Qd1 {[%clk 0:28:05]} 58. Rf1 {[%clk 0:21:31]} Qd3
{[%clk 0:26:56]} 59. R1f3 {[%clk 0:21:51]} Qd1 {[%clk 0:26:39]} 60. Rf2
{[%clk 0:18:22]} Qh1+ {[%clk 0:25:44]} 61. Rh2 {[%clk 0:18:20]} Qd5
{[%clk 0:26:04]} 62. Rhf2 {[%clk 0:18:46]} Qh1+ {[%clk 0:26:26]} 63. Kg4
{[%clk 0:19:04]} Qe4+ {[%clk 0:26:29]} 64. R2f4 {[%clk 0:19:21]} Qd5
{[%clk 0:25:44]} 65. Re7 {[%clk 0:16:04]} Qd6 {[%clk 0:22:33]} 66. Rff7
{[%clk 0:15:43]} Qd1+ {[%clk 0:22:49]} 67. Rf3 {[%clk 0:15:32]} Qd6
{[%clk 0:22:49]} 68. Rfe3 {[%clk 0:15:50]} Qd5 {[%clk 0:22:44]} 69. R3e5
{[%clk 0:15:46]} Qd1+ {[%clk 0:23:01]} 70. Re2 {[%clk 0:16:10]} Qd5
{[%clk 0:22:56]} 71. R7e5 {[%clk 0:13:21]} Qd7+ {[%clk 0:23:02]} 72. Kf3
{[%clk 0:13:34]} Qh3 {[%clk 0:21:48]} 73. Re1 {[%clk 0:12:47]} Kg7
{[%clk 0:21:34]} 74. Re7+ {[%clk 0:12:41]} Kh6 {[%clk 0:21:12]} 75. Rf7
{[%clk 0:12:08]} Qh2 {[%clk 0:17:59]} 76. Rd1 {[%clk 0:06:48]} Qh3
{[%clk 0:08:39]} 77. Re1 {[%clk 0:03:06]} Qh2 {[%clk 0:08:18]} 78. Rc7
{[%clk 0:03:22]} Qh3 {[%clk 0:07:40]} 79. Kf2 {[%clk 0:00:41]} Qh2+
{[%clk 0:07:58]} 80. Kf3 {[%clk 0:01:06]} Qh3 {[%clk 0:08:24]} 81. Rf7
{[%clk 0:00:39]} 1/2-1/2

[Event "Hoogeveen Open 2016"]
[Site "Hoogeveen"]
[Date "2016.10.20"]
[Round "7.15"]
[White "Mager, Denis"]
[Black "Mijnheer, Peter"]
[Result "1-0"]
[BlackElo "2137"]
[WhiteElo "2224"]
[LiveChessVersion "1.4.8"]

1. e4 {[%clk 1:30:57]} e5 {[%clk 1:30:55]} 2. Nf3 {[%clk 1:31:23]} Nc6
{[%clk 1:31:13]} 3. d4 {[%clk 1:31:48]} exd4 {[%clk 1:31:36]} 4. Nxd4
{[%clk 1:32:11]} Nf6 {[%clk 1:31:54]} 5. Nxc6 {[%clk 1:32:07]} bxc6
{[%clk 1:32:18]} 6. e5 {[%clk 1:32:32]} Qe7 {[%clk 1:32:33]} 7. Qe2
{[%clk 1:32:50]} Nd5 {[%clk 1:32:58]} 8. c4 {[%clk 1:33:11]} Nb6 {[%clk 1:33:15]}
9. Nc3 {[%clk 1:32:02]} Ba6 {[%clk 1:33:30]} 10. b3 {[%clk 1:30:43]} O-O-O
{[%clk 1:32:01]} 11. Bb2 {[%clk 1:28:32]} Re8 {[%clk 1:25:46]} 12. f4
{[%clk 1:22:38]} f6 {[%clk 1:24:18]} 13. Ne4 {[%clk 1:19:42]} fxe5
{[%clk 1:21:13]} 14. fxe5 {[%clk 1:18:27]} Qh4+ {[%clk 1:00:45]} 15. g3
{[%clk 1:17:18]} Qh6 {[%clk 1:00:02]} 16. Bg2 {[%clk 1:12:39]} Bb4+
{[%clk 0:58:26]} 17. Kd1 {[%clk 1:12:28]} d5 {[%clk 0:52:06]} 18. exd6
{[%clk 1:07:48]} cxd6 {[%clk 0:21:16]} 19. a3 {[%clk 0:57:11]} Nxc4
{[%clk 0:13:52]} 20. bxc4 {[%clk 0:51:30]} Rxe4 {[%clk 0:09:35]} 21. Bxe4
{[%clk 0:50:40]} Bxc4 {[%clk 0:08:06]} 22. Qg4+ {[%clk 0:48:05]} Be6
{[%clk 0:08:12]} 23. Qf4 {[%clk 0:47:36]} Bb3+ {[%clk 0:07:06]} 24. Kc1
{[%clk 0:47:03]} 1-0

[Event "Hoogeveen Open 2016"]
[Site "Hoogeveen"]
[Date "2016.10.20"]
[Round "7.16"]
[White "Vrolijk, Liam"]
[Black "Bunyatov, Rustam"]
[Result "1/2-1/2"]
[BlackElo "2249"]
[WhiteElo "2265"]
[LiveChessVersion "1.4.8"]

1. d4 {[%clk 1:30:58]} c5 {[%clk 1:29:50]} 2. d5 {[%clk 1:31:13]} e5
{[%clk 1:30:11]} 3. e4 {[%clk 1:31:34]} d6 {[%clk 1:30:36]} 4. Nc3
{[%clk 1:30:16]} Be7 {[%clk 1:30:57]} 5. Nf3 {[%clk 1:29:57]} Bg4
{[%clk 1:30:32]} 6. h3 {[%clk 1:29:26]} Bxf3 {[%clk 1:24:12]} 7. Qxf3
{[%clk 1:29:49]} Bg5 {[%clk 1:22:02]} 8. Bxg5 {[%clk 1:29:02]} Qxg5
{[%clk 1:22:25]} 9. g3 {[%clk 1:27:48]} a6 {[%clk 1:21:46]} 10. h4
{[%clk 1:25:41]} Qf6 {[%clk 1:19:47]} 11. Qg4 {[%clk 1:22:07]} Nd7
{[%clk 1:19:45]} 12. Bh3 {[%clk 1:20:14]} Rd8 {[%clk 1:19:06]} 13. Nd1
{[%clk 1:15:07]} Qg6 {[%clk 1:03:46]} 14. Qf3 {[%clk 1:13:18]} h5
{[%clk 1:02:10]} 15. O-O {[%clk 0:51:23]} Ne7 {[%clk 1:01:31]} 16. Ne3
{[%clk 0:47:15]} Nf6 {[%clk 0:59:51]} 17. Bg2 {[%clk 0:44:26]} Ng4
{[%clk 0:58:29]} 18. Nxg4 {[%clk 0:35:28]} hxg4 {[%clk 0:58:38]} 19. Qe3
{[%clk 0:34:59]} Qh6 {[%clk 0:53:43]} 20. Qxh6 {[%clk 0:32:37]} Rxh6
{[%clk 0:52:34]} 21. f4 {[%clk 0:30:54]} gxf3 {[%clk 0:51:50]} 22. Rxf3
{[%clk 0:31:06]} f6 {[%clk 0:42:40]} 23. Rb3 {[%clk 0:27:23]} Rb8
{[%clk 0:36:55]} 24. Bf1 {[%clk 0:26:13]} a5 {[%clk 0:37:03]} 25. Bb5+
{[%clk 0:23:10]} Kd8 {[%clk 0:36:51]} 26. Rf1 {[%clk 0:20:03]} Kc7
{[%clk 0:36:59]} 27. Be2 {[%clk 0:18:32]} Rg8 {[%clk 0:32:18]} 28. Rbf3
{[%clk 0:15:51]} Ng6 {[%clk 0:31:59]} 29. c3 {[%clk 0:13:42]} b6 {[%clk 0:29:32]}
30. Kh2 {[%clk 0:13:01]} Rgh8 {[%clk 0:25:39]} 31. Kg2 {[%clk 0:12:48]} Rb8
{[%clk 0:22:36]} 32. Bb5 {[%clk 0:11:21]} Rbh8 {[%clk 0:22:29]} 1/2-1/2

[Event "Hoogeveen Open 2016"]
[Site "Hoogeveen"]
[Date "2016.10.20"]
[Round "7.17"]
[White "Vereggen, Lars"]
[Black "Mellema, Andries"]
[Result "1-0"]
[BlackElo "2143"]
[WhiteElo "2380"]
[LiveChessVersion "1.4.8"]

1. Nf3 {[%clk 1:30:35]} Nf6 {[%clk 1:17:57]} 2. c4 {[%clk 1:30:48]} g6
{[%clk 1:16:56]} 3. Nc3 {[%clk 1:31:06]} c5 {[%clk 1:16:17]} 4. d4
{[%clk 1:31:22]} Bg7 {[%clk 1:15:07]} 5. e4 {[%clk 1:31:27]} cxd4
{[%clk 1:15:01]} 6. Nxd4 {[%clk 1:31:49]} d6 {[%clk 1:14:53]} 7. Be2
{[%clk 1:31:44]} Nc6 {[%clk 1:14:59]} 8. Be3 {[%clk 1:31:58]} O-O
{[%clk 1:15:00]} 9. O-O {[%clk 1:32:10]} Bd7 {[%clk 1:06:52]} 10. Nc2
{[%clk 1:24:17]} Rc8 {[%clk 1:03:09]} 11. f3 {[%clk 1:19:45]} a6 {[%clk 0:59:02]}
12. Qd2 {[%clk 1:18:50]} Re8 {[%clk 0:57:30]} 13. Rfd1 {[%clk 1:18:40]} Ne5
{[%clk 0:54:02]} 14. b3 {[%clk 1:10:47]} Qc7 {[%clk 0:45:54]} 15. Nd4
{[%clk 1:10:27]} Nc6 {[%clk 0:33:52]} 16. Nxc6 {[%clk 1:09:23]} Bxc6
{[%clk 0:32:25]} 17. Rac1 {[%clk 1:09:27]} Qa5 {[%clk 0:31:13]} 18. Qb2
{[%clk 0:54:35]} Nd7 {[%clk 0:18:36]} 19. b4 {[%clk 0:54:56]} Qc7
{[%clk 0:18:38]} 20. b5 {[%clk 0:54:29]} axb5 {[%clk 0:11:57]} 21. cxb5
{[%clk 0:54:54]} Bxe4 {[%clk 0:10:43]} 22. fxe4 {[%clk 0:54:08]} Bxc3
{[%clk 0:11:02]} 23. Qb3 {[%clk 0:54:36]} Qa5 {[%clk 0:10:44]} 24. Bc4
{[%clk 0:55:02]} Rxc4 {[%clk 0:05:26]} 25. Qxc4 {[%clk 0:55:24]} Bf6
{[%clk 0:01:15]} 26. Kh1 {[%clk 0:54:14]} Kg7 {[%clk 0:01:29]} 27. Qd5
{[%clk 0:52:10]} Rb8 {[%clk 0:00:38]} 28. h3 {[%clk 0:51:21]} b6 {[%clk 0:00:36]}
29. Rc7 {[%clk 0:50:55]} Nc5 {[%clk 0:00:46]} 30. Bd4 {[%clk 0:48:29]} Bxd4
{[%clk 0:01:04]} 31. Qxd4+ {[%clk 0:48:46]} Kg8 {[%clk 0:01:28]} 32. Rxe7
{[%clk 0:48:51]} Qxb5 {[%clk 0:01:38]} 33. Qxd6 {[%clk 0:44:53]} Rf8
{[%clk 0:02:07]} 34. Qd5 {[%clk 0:44:13]} Qe2 {[%clk 0:01:49]} 35. Kh2
{[%clk 0:39:48]} Qf2 {[%clk 0:01:00]} 36. Qd2 {[%clk 0:27:11]} Qf6
{[%clk 0:00:54]} 37. Qd6 {[%clk 0:27:18]} Qh4 {[%clk 0:00:34]} 38. Rf1
{[%clk 0:24:27]} Nxe4 {[%clk 0:00:38]} 39. Qe5 {[%clk 0:24:13]} Ng5
{[%clk 0:00:31]} 40. Re8 {[%clk 0:20:45]} Qc4 {[%clk 0:00:34]} 41. Rxf8+
{[%clk 0:18:56]} Kxf8 {[%clk 0:01:02]} 42. Rf4 {[%clk 0:19:02]} Qc5
{[%clk 0:01:14]} 43. Qh8+ {[%clk 0:19:03]} Ke7 {[%clk 0:01:39]} 44. Qf6+
{[%clk 0:19:27]} Kd7 {[%clk 0:01:18]} 45. Rd4+ {[%clk 0:19:38]} Kc8
{[%clk 0:29:06]} 46. Qd8+ {[%clk 0:50:01]} Kb7 {[%clk 0:29:29]} 47. Rd7+
{[%clk 0:50:27]} Ka6 {[%clk 0:29:44]} 48. Qa8+ {[%clk 0:50:52]} Kb5
{[%clk 0:30:10]} 49. Rd5 {[%clk 0:51:10]} 1-0

[Event "Hoogeveen Open"]
[Site "Hoogeveen, Netherlands"]
[Date "2016.10.20"]
[Round "7.18"]
[White "Roebers, Jan"]
[Black "Kerigan, Demre"]
[Result "0-1"]
[WhiteElo "2151"]
[BlackElo "2362"]
[PlyCount "80"]
[EventDate "2016.??.??"]

1. g3 d5 2. Nf3 c5 3. Bg2 Nf6 4. c4 e6 5. O-O Nc6 6. b3 Be7 7. Bb2 d4 8. d3 O-O
9. e4 e5 10. h3 Ne8 11. Qe2 a6 12. Kh2 Be6 13. Nbd2 Rb8 14. Ng1 b5 15. f4 f6
16. Bf3 Nd6 17. fxe5 Nxe5 18. Bg2 bxc4 19. Nxc4 Ndxc4 20. dxc4 a5 21. Rab1 a4
22. Ba1 axb3 23. axb3 Qa5 24. Nf3 Bd6 25. Rb2 Rb4 26. Ra2 Qb6 27. Nd2 Rxb3 28.
Nxb3 Qxb3 29. Rb2 Qxc4 30. Qxc4 Nxc4 31. Rb7 Ra8 32. e5 Ne3 33. Rfb1 Bxe5 34.
Rxg7+ Kxg7 35. Bxa8 c4 36. Be4 f5 37. Rb7+ Kf6 38. Bf3 d3 39. Bxe5+ Kxe5 40.
Kg1 c3 0-1

[Event "Hoogeveen Open"]
[Site "Hoogeveen, Netherlands"]
[Date "2016.10.20"]
[Round "7.19"]
[White "Strating, Sybolt"]
[Black "Cornelisse, John"]
[Result "1/2-1/2"]
[WhiteElo "2276"]
[BlackElo "2131"]
[PlyCount "123"]
[EventDate "2016.??.??"]

1. d4 d6 2. g3 e5 3. Bg2 exd4 4. Qxd4 Nc6 5. Qd3 Nf6 6. Nf3 Be7 7. O-O O-O 8.
c4 Bg4 9. Nc3 Qd7 10. Re1 Rfe8 11. Bf4 Nh5 12. Be3 Nf6 13. Rac1 Bxf3 14. exf3
Ne5 15. Qe2 c6 16. f4 Ng6 17. Qd3 Ng4 18. Bd4 Bf8 19. f3 Nh6 20. Qf1 Qc7 21.
Bh3 Qa5 22. a3 Ne7 23. Qd3 Qh5 24. Bf1 d5 25. Re5 dxc4 26. Qxc4 Nef5 27. Rce1
Rxe5 28. Rxe5 Bd6 29. Ra5 Qxf3 30. Be2 Ne3 31. Bxf3 Nxc4 32. Rg5 g6 33. Be2 Nb6
34. Ra5 Bc7 35. Ne4 Nd5 36. Rxa7 Rxa7 37. Bxa7 b6 38. Bc4 Ne3 39. Bb3 Nhf5 40.
Nf6+ Kh8 41. Ne8 Bd8 42. Bxf7 Nh6 43. Be6 Nhf5 44. Bb8 h5 45. Be5+ Kh7 46. Bd7
c5 47. Nf6+ Kh6 48. Bc6 Nc4 49. Nd5 Nxe5 50. fxe5 Nd4 51. Be8 Nf3+ 52. Kf2 Nxe5
53. b3 Ng4+ 54. Kg2 Nf6 55. Nxf6 Bxf6 56. Kf3 Bb2 57. a4 g5 58. Ke4 h4 59. Kd5
hxg3 60. hxg3 Bc3 61. g4 Kg7 62. Kc6 1/2-1/2